Süd-/Nörd-/West-/Östlichsten Länder der Welt - Statistiken

Allgemein
  • Dieses Quiz wurde 301 mal gespielt
  • Das Durchschnittsergebnis liegt bei 22 aus 25
Antwortstatistiken
Kontinent Antwort % Korrekt
Süd Afrika Südafrika
99%
Süd Südamerika Chile
96%
Nord Europa Russland
96%
West Asien Russland
96%
Ost Asien Russland
96%
Ost Europa Russland
96%
Süd Australien Neuseeland
95%
Süd Europa Griechenland
93%
West Australien Australien
92%
Süd Asien Indonesien
92%
West Europa Portugal
92%
Nord Afrika Tunesien
92%
Nord Nordamerika Usa
92%
West Nordamerika Usa
92%
Ost Nordamerika Kanada
90%
Süd Nordamerika Panama
90%
Ost Südamerika Brasilien
89%
West Südamerika Ecuador
88%
Nord Südamerika Kolumbien
87%
Nord Europa (Politischt) Dänemark
85%
Nord Asien China
76%
West Afrika Kap Verde
73%
Nord Australien Marshallinseln
68%
Ost Afrika Mauritius
68%
Ost Australien Samoa
64%
Keine übereinstimmenden Quizze gefunden
Verteilung der Resultate
Anzahl Personen mit jedem Resultat
Perzentil nach korrekt beantworteten Fragen
Ihre Resultats-Entwicklung
Sie haben dieses Quiz noch nicht gespielt